| 000 | 01705nam a2200505 i 4500 | ||
|---|---|---|---|
| 001 | 17312 | ||
| 003 | KOSZ 005 | ||
| 005 | 20210902135308.0 | ||
| 008 | 070827s1970 pl a |000 0 pol | ||
| 015 | _aUWD 1970/8480 | ||
| 035 | _a991036177989705066 | ||
| 035 | _a(PL-WaBN)b19720828-48omnis_nlop | ||
| 035 | _ab19720828 | ||
| 035 | _a(OCoLC)802057747 | ||
| 035 | _axx002074482 | ||
| 035 | _a(PL)b0000001972082 | ||
| 035 | _a(EXLNZ-48OMNIS_NETWORK)9910424157805606 | ||
| 040 |
_aWA N _cWA N _dKOSZ 005/HR |
||
| 041 | 0 |
_apol _beng _brus |
|
| 046 | _k1970 | ||
| 080 | _a728 | ||
| 080 | _a711.4/.8 | ||
| 100 | 1 |
_aPietraszewski, Wojciech _eAutor |
|
| 245 | 1 | 0 |
_aMetoda optymalizacji osiedli mieszkaniowych / _cWojciech Pietraszewski, Jerzy Plekan, Andrzej Socha ; Instytut Organizacji i Mechanizacji Budownictwa. |
| 260 |
_aWarszawa : _bInstytut Organizacji i Mechanizacji Budownictwa, _c1970. |
||
| 300 |
_a96 s. : _bil. ; _c23 cm. |
||
| 336 |
_aTekst _btxt _2rdacontent |
||
| 337 |
_aBez urządzenia pośredniczącego _bn _2rdamedia |
||
| 338 |
_aWolumin _bnc _2rdacarrier |
||
| 380 | _aKsiążki | ||
| 388 | _a1901-2000 | ||
| 388 | _a1945-1989 | ||
| 504 | _aBibliogr. | ||
| 546 | _aStreszcz. ros., ang. | ||
| 650 | 7 |
_aBudownictwo mieszkaniowe _2DBN |
|
| 650 | 7 | _aOsiedle mieszkaniowe | |
| 650 | 7 |
_aUrbanistyka _2DBN |
|
| 650 | 7 | _aOptymalizacja | |
| 658 | 7 | _aArchitektura i budownictwo | |
| 700 | 1 |
_aPlekan, Jerzy _eAutor |
|
| 700 | 1 |
_aSocha, Andrzej _c(inżynier) _eAutor |
|
| 856 |
_uhttp://koha.tu.koszalin.pl/cgi-bin/koha/opac-detail.pl?biblionumber=17312 _yKatalog online BPK |
||
| 942 |
_2UKD _cKS |
||
| 999 |
_c17312 _d17312 |
||